Online
Catalog
Normal view MARC view

Entry Nombre personal

Number of records used in: 5

001 - NÚMERO DE CONTROL

  • campo de control: 6652

003 - IDENTIFICADOR DEL NÚMERO DE CONTROL

  • campo de control: BNPHU

005 - FECHA Y HORA DE LA ÚLTIMA TRANSACCIÓN

  • campo de control: 20240709130333.0

008 - DATOS DE LONGITUD FIJA

  • campo de control de longitud fija: 200615|| azz||aabn | a|a d

040 ## - FUENTE DE LA CATALOGACIÓN

  • Centro catalogador/agencia de origen: DO-SdBNP
  • Lengua de catalogación: spa
  • Centro/agencia transcriptor: BNPHU
  • Normas de descripción: rda

100 1# - ENCABEZAMIENTO-NOMBRE DE PERSONA

  • Nombre de persona: Alonso Romero, Mercedes

370 ## - LUGAR ASOCIADO

  • Lugar de nacimiento: Cárdenas, Matanzas, Cuba.

374 ## - OCUPACIÓN

  • Ocupación: Periodista
  • Ocupación: Escritora

375 ## - GÉNERO/SEXO

  • Género/Sexo: Femenino

377 ## - LENGUA/LENGUAJE ASOCIADO

  • Código del idioma: spa
  • Término de lengua/lenguaje: Español

400 1# - TRAZADO DE VÉASE--NOMBRE DE PERSONA

  • Nombre de persona: Romero, Mercedes Alonso

670 ## - FUENTE DE DATOS ENCONTRADOS

  • Cita de la fuente: Work cat.: (OSt)1930: Alonso Romero, Mercedes, Casados con la verdad /, 2007.

670 ## - FUENTE DE DATOS ENCONTRADOS

  • Cita de la fuente: Los Malagones, c1996:
  • Información encontrada: portada (Mercedes Alonso Romero)

670 ## - FUENTE DE DATOS ENCONTRADOS

  • Cita de la fuente: Alonso Romero, Mercedes. Su nombre es Patria. Santo Domingo : Museo Memorial de la Resistencia Dominicana. 2024. 207 p.

Powered by Koha